Средний кембрий Батеневского кряжа и прилегающих районов юга Красноярского края (стратиграфия и палеонтология): Диссертация на соискание ученой степени кандидата технических наук

Xehetasun bibliografikoak
Egile nagusia: Богнибова Р. Т.
Erakunde egilea: Сибирский научно-исследовательский институт геологии, геофизики и минерального сырья (СНИИГГиМС)
Beste egile batzuk: Сивов А. Г. (научный руководитель)
Hizkuntza:errusiera
Argitaratua: Томск, [Б. и.], 1966
Gaiak:
Formatua: Liburua
KOHA link:https://koha.lib.tpu.ru/cgi-bin/koha/opac-detail.pl?biblionumber=144659

MARC

LEADER 00000nbm0a2200000 4500
001 144659
005 20231031143752.0
035 |a (RuTPU)RU\TPU\book\156774 
090 |a 144659 
100 |a 20081007d1966 k y0rusy50 ca 
101 0 |a rus 
102 |a RU 
105 |a a m 001zy 
200 1 |a Средний кембрий Батеневского кряжа и прилегающих районов юга Красноярского края (стратиграфия и палеонтология)  |e Диссертация на соискание ученой степени кандидата технических наук  |f Р. Т. Богнибова  |g Сибирский научно-исследовательский институт геологии, геофизики и минерального сырья (СНИИГГиМС) ; науч. рук. А. Г. Сивов 
210 |a Томск  |c [Б. и.]  |d 1966 
215 |a 352 л.  |c ил. 
320 |a Библиогр.: с. 326 - 349. 
610 1 |a Красноярский край 
610 1 |a средний кембрий 
610 1 |a отложения 
610 1 |a Кузнецкий Алатау 
610 1 |a Саяны 
610 1 |a разрезы 
610 1 |a особенности 
610 1 |a корреляция 
610 1 |a фаунистические комплексы 
610 1 |a биостратиграфия 
610 1 |a трилобиты 
610 1 |a геологическое изучение 
610 1 |a диссертации 
675 |a 551.732(04)  |v 3 
700 1 |a Богнибова  |b Р. Т. 
702 1 |a Сивов  |b А. Г.  |4 727 
712 0 2 |a Сибирский научно-исследовательский институт геологии, геофизики и минерального сырья (СНИИГГиМС)  |c (Новосибирск)  |2 stltpush  |3 (RuTPU)RU\TPU\col\322 
801 1 |a RU  |b 63413507  |c 20081007  |g PSBO 
942 |c BK